Представление документа в формате RUSMARC

ПолеНазваниеЗначение
  Тип записи a
  Библиографический уровень m
001 Контрольный номер a74b380d12c249abaafe9d61040260b1
005 Дата корректировки 20170608154130.4
010 Индекс ISBN __
a ISBN 978-5-4468-0339-2
101 Язык документа 0_
a Язык текста rus
102 Страна публикации __
a Страна публикации RU
200 Заглавие и сведения об ответственности 1_
a Заглавие Организация торговли
b Общее обозначение материала Текст
e Сведения, относящиеся к заглавию учебник
210 Выходные данные 1_
a Место издания М.
c Издательство Академия
d Дата издания 2014
215 Физическое описание __
a Объем 192 с.
225 Серия 2_
a Серия Профессиональное образование
330 Аннотация __
a Аннотация Раскрыты основные принципы организации торговли.
606 Тематические рубрики __
a Основная рубрика Торговля
610 Ключевые слова 0_
a Ключевые слова розничная торговля
a Ключевые слова оптовая торговля
a Ключевые слова процесс товародвижения
a Ключевые слова транспортное обслуживание
686 Индексы других классификаций __
a Классификационный индекс 65.422
700 Автор _1
a Фамилия Иванов
b Имя Г. Г.
801 Источник записи _0
a Страна RU
b Организация РУК
c Дата составления 20141129
g Правила каталогизации PSBO
801 Источник записи _1
a Страна RU
b Организация РУК
c Дата составления 20141129
g Правила каталогизации PSBO
852 Данные о местонахождении __
i Авторский знак И 20
j Шифр хранения 65.422
901 Тип документа __
t Тип документа m
937 Технологическая информация __
a Создатель записи (имя) Фомина
938 Служебная информация __
a Название организации Волгоградский филиал